LEADER 00973nam0-22003371i-450- 001 990003088150403321 010 $a0-7923-9261-2 035 $a000308815 035 $aFED01000308815 035 $a(Aleph)000308815FED01 035 $a000308815 100 $a20000920d1992----km-y0itay50------ba 101 0 $aita 102 $aIT 200 1 $aGovernment's Role in Innovation$fby Dennis Patrick Leyden, Albert N. Link. 210 $aDordrecht$aBoston$cKluwer Academic$d1992. 215 $aXV, 194 p.$d23 cm 610 0 $aInnovazioni tecnologiche$aSpesa pubblica$aStati Uniti 610 0 $aRicerca & Sviluppo$aStati Uniti 676 $aF/1.221 676 $aG/1.4 702 1$aLeyden,$bDennis Patrick 702 1$aLink,$bAlbert N. 801 0$aIT$bUNINA$gRICA$2UNIMARC 901 $aBK 912 $a990003088150403321 952 $aG/1.4 LEY$b14192$fSES 959 $aSES 996 $aGovernment's Role in Innovation$9460580 997 $aUNINA DB $aING01 LEADER 01141cam--2200373---450- 001 990003550910203316 005 20110727094516.0 010 $a978-88-17-04867-5 035 $a000355091 035 $aUSA01000355091 035 $a(ALEPH)000355091USA01 035 $a000355091 100 $a20110714d2011----km-y0itay50------ba 101 0 $aita 102 $aIT 105 $aa---||||001yy 200 1 $aDai diamanti non nasce niente$estorie di vita e di giardini$fSerena Dandini 210 $aMilano$cRizzoli$d2011 215 $a326 p.$cill.$d23 cm 676 $a858.92 700 1$aDANDINI,$bSerena$0476084 801 0$aIT$bsalbc$gISBD 912 $a990003550910203316 951 $aVI.3.F. 246$b232530 L.M.$cVI.3.F.$d00297952 959 $aBK 969 $aUMA 979 $aPASSARO$b90$c20110714$lUSA01$h1425 979 $aPASSARO$b90$c20110714$lUSA01$h1430 979 $aPASSARO$b90$c20110727$lUSA01$h0936 979 $aPASSARO$b90$c20110727$lUSA01$h0939 979 $aPASSARO$b90$c20110727$lUSA01$h0939 979 $aPASSARO$b90$c20110727$lUSA01$h0945 996 $aDai diamanti non nasce niente$9242909 997 $aUNISA